Seventh Workshop on Grand Unification/ICOBAN '86 : Toyama University, Japan, April 16-18, 1986 /

Bibliographic Details
Corporate Authors: Workshop on Grand Unification Toyama University, International Colloquium on Baryon Nonconservation
Other Authors: Arafune, J. (Jiro)
Format: Conference Proceeding Book
Language:English
Published: Singapore : World Scientific, [1987]
Subjects:

MARC

Tag First Indicator Second Indicator Subfields
LEADER 00000cam a2200000 a 4500
001 in00000013723
005 20151007052421.0
008 870421s1987 si a b 10010 eng
010 |a  87010675  
020 |a 9971501309 
020 |a 9971501317 (pbk.) 
035 |a (OCoLC)15654957 
035 |9 AAA7691AM 
040 |a DLC  |c DLC  |d TXA  |d UtOrBLW 
049 |a TXAM  |c [A11487026] 
050 0 0 |a QC794.6.G7  |b W67 1986 
082 0 |a 530.1/42  |2 19 
111 2 |a Workshop on Grand Unification  |n (7th :  |d 1986 :  |c Toyama University) 
245 1 0 |a Seventh Workshop on Grand Unification/ICOBAN '86 :  |b Toyama University, Japan, April 16-18, 1986 /  |c editor, Jiro Arafune. 
264 1 |a Singapore :  |b World Scientific,  |c [1987] 
264 4 |c ©1987 
300 |a x, 560 pages :  |b illustrations ;  |c 23 cm. 
336 |a text  |b txt  |2 rdacontent 
337 |a unmediated  |b n  |2 rdamedia 
338 |a volume  |b nc  |2 rdacarrier 
500 |a Half title: 7th Workshop on Grand Unification/ICOBAN '86. 
500 |a "The 7th Workshop on Grand Unification/ICOBAN '86 was held on April 16-18, in 1986 at Toyama, Japan. It was a joint conference of the Workshop on Grand Unification and the International Colloquium on Baryon Nonconservation"-- Pref. 
504 |a Includes bibliographies. 
650 0 |a Grand unified theories (Nuclear physics)  |v Congresses. 
700 1 |a Arafune, J.  |q (Jiro) 
711 2 |a International Colloquium on Baryon Nonconservation  |d (1986 :  |c Toyama-shi (Japan) 
740 0 |a 7th Workshop on Grand Unification/ICOBAN '86. 
999 |a MARS 
999 f f |s c56e0fb6-4f9e-35d0-a8d9-76574ef5bed6  |i 9ee052ed-953e-37d6-bc23-fd995e4cdc3f  |t 0 
952 f f |p ric  |a Texas A&M University  |b Rellis Campus  |c Joint Library Facility  |d Remote Storage  |t 0  |e QC794.6.G7 W67 1986  |h Library of Congress classification  |i unmediated -- volume  |m A14811487026 
998 f f |a QC794.6.G7 W67 1986  |t 0  |l Remote Storage